W którym roku ukazała się ta piosenka? #3 - Statystyki

Ogólne statystyki
  • Ten quiz został rozwiązany 2 razy
  • Średni wynik to 13 z 20
Statystyki odpowiedzi
Piosenka Wykonawca muzyczny Rok % Poprawnych
Light My Fire The Doors 1967
100%
Stairway to Heaven Led Zeppelin 1971
100%
November Rain Guns N' Roses 1991
100%
Wannabe Spice Girls 1996
100%
In the End Linkin Park 2000
100%
Gold Digger Kanye West 2005
100%
Born This Way Lady Gaga 2011
100%
Perfect Ed Sheeran 2017
100%
Blowin' in the Wind Bob Dylan 1963
50%
Rocket Man Elton John 1972
50%
Born in the U.S.A. Bruce Springsteen 1984
50%
California Love 2Pac 1995
50%
Single Ladies Beyoncé 2008
50%
What Makes You Beautiful One Direction 2011
50%
Royals Lorde 2013
50%
Bad Guy Billie Eilish 2019
50%
Vampire Olivia Rodrigo 2023
50%
Hot Stuff Donna Summer 1979
0%
Pour Some Sugar on Me Def Leppard 1987
0%
Come Away With Me Norah Jones 2002
0%
Nie znaleziono quizów pasujących do podanych kryteriów
Rozkład punktacji
Procent ludzi z każdym wynikiem
Percentyl według liczby udzielonych odpowiedzi
Twoja historia wyników
Nie rozwiązałeś tego quizu